The oligocene bridge creek flora of the John Day Formation, Oregon
Uloženo v:
| Hlavní autor: | |
|---|---|
| Další autoři: | |
| Médium: | Kniha |
| Jazyk: | angličtina |
| Vydáno: |
Berkeley, USA
University of California Press
1997
|
| Edice: | Geological Sciences.
141 |
| Témata: | |
| Tagy: |
Přidat tag
Žádné tagy, Buďte první, kdo vytvoří štítek k tomuto záznamu!
|
MARC
| LEADER | 00000nam a2200000 a 4500 | ||
|---|---|---|---|
| 001 | UCQ0575 | ||
| 003 | CL-VaPUC | ||
| 005 | 20220103160034.0 | ||
| 008 | 980628e19970000US |||||||||||||||||eng|d | ||
| 999 | |c 271633 |d 271631 | ||
| 040 | |c Pontificia Universidad Católica de Valparaíso | ||
| 082 | 0 | 4 | |a 561.197 MEY 1997 |2 21 |
| 100 | |a Meyer, Herbert W. |e autor |9 413778 | ||
| 245 | 1 | 4 | |a The oligocene bridge creek flora of the John Day Formation, Oregon |
| 260 | 0 | 3 | |a Berkeley, USA |b University of California Press |c 1997 |
| 300 | |a 195 páginas | ||
| 490 | 0 | |a Geological Sciences. |v 141 | |
| 583 | |a last modification |c 19980628 00:00:00 |k Rodrigo Vera | ||
| 650 | 7 | |a FOSILES |2 CL-VaPUC |9 370434 | |
| 650 | 0 | |a Plantas |9 264555 | |
| 650 | 7 | |a PALEOBOTANICA |2 CL-VaPUC |9 344348 | |
| 650 | 7 | |a OLIGOCENO |2 CL-VaPUC |9 413780 | |
| 650 | 0 | |a Geología |9 260984 | |
| 651 | 7 | |a OREGON |2 CL-VaPUC |9 413781 | |
| 700 | 0 | |a Manchester, Steven R |9 413779 | |
| 942 | |c BK |2 ddc | ||
| 945 | |d 19980628 00:00:00 |a mvenant | ||